Hypotekárna kríza a jej dopady na bankový sektor v SR diplomová práca

Saved in:
Bibliographic Details
Main Author: Medveď, Tomáš
Corporate Author: Národohospodárska fakulta EU. Katedra bankovníctva a medzinárodných financií
Other Authors: Tučník, Miroslav
Format: Book
Language:Slovak
Published: Bratislava 2010
Tags: Add Tag
No Tags, Be the first to tag this record!

MARC

LEADER 00000nam a2200000 4500
001 0119523
005 20240318122241.7
041 0 |a slo 
044 |a SK 
245 1 0 |a Hypotekárna kríza a jej dopady na bankový sektor v SR  |b diplomová práca  |c Tomáš Medveď ; škol. Miroslav Tučník 
264 1 |a Bratislava  |c 2010 
300 |a 82 s. 
100 1 |a Medveď, Tomáš 
700 1 |a Tučník, Miroslav 
710 2 |a Národohospodárska fakulta EU. Katedra bankovníctva a medzinárodných financií